Statistics for Top 10 Most Overrated QBs of all-time

Click here to take the quiz!

General Stats

  • This quiz has been taken 37 times
  • The average score is 8 of 10

Answer Stats

TeamsQB% Correct
NYGEli Manning
97%
PITBen Roethlisberger
91%
MIADan Marino
91%
SDC/NOSDrew Brees
91%
ATL/INDMatt Ryan
88%
BUFJim Kelly
85%
KANPatrick Mahomes
85%
LAC/INDPhilip Rivers
85%
DALTroy Aikman
79%
PHI/WASSonny Jurgensen
18%

Score Distribution

Percentile by Number Answered

Percent of People with Each Score

Your Score History

You have not taken this quiz